| 000 | 00415 a2200145 4500 | ||
|---|---|---|---|
| 999 |
_c9846 _d9846 |
||
| 020 | _a9781138787353 | ||
| 050 | _aJC571BIL2020 | ||
| 100 |
_aBiletzki Anat _eauthor |
||
| 245 |
_aPhilosophy of Human Right : _bA Systematic Introduction / _cAnat Biletzki |
||
| 264 |
_aLondon: _bRoutledge, _cc2020 |
||
| 300 | _a260p. : | ||
| 500 | _aincludes index | ||
| 650 | _aHuman Rights..Philosophy | ||
| 942 |
_2lcc _cBK _h571 _iBIL _kJC |
||